Guadalajara : As I Know it, Live it, Love it___ /

Salvato in:
Dettagli Bibliografici
Autore principale: Royle, Selena (autor)
Natura: Libro
Lingua:inglese
Pubblicazione: Guadalajara, México : Pax, 1966, c1966
Soggetti:
Tags: Aggiungi Tag
Nessun Tag, puoi essere il primo ad aggiungerne!!

MARC

LEADER 00000nam^a2200000^a^4500
001 000131605
005 20250521000000.0
009 20260310095030.131
037 |a Acervo ITESO - Biblioteca 
041 |a ING 
082 |a 917. 204  |b ROY 
100 |a Royle, Selena  |e (autor) 
245 1 0 |a Guadalajara :  |b As I Know it, Live it, Love it___ /  |c S. Royle. 
264 4 |a Guadalajara, México :  |b Pax,  |c 1966, c1966 
300 |a 106 p. 
336 |a texto  |b txt  |2 rdacontenido 
337 |a sin mediación  |b n  |2 rdamedio 
338 |a volumen  |b nc  |2 rdasoporte 
649 |a XX 
650 |a Guadalajara, Jalisco -  |x Descripción -  |x Guías Turísticas 
650 |a Jalisco -  |x Descripción -  |x Guías Turísticas 
650 |a México -  |x Descripción -  |x Guías Turísticas 
650 |a Turismo -  |z Guadalajara, Jalisco 
650 |a Turismo -  |z Jalisco 
650 |a Turismo -  |z México 
650 |a Guías Turísticas 
910 |a Fondo Salvador Reynoso Reynoso 
920 |a Impresos - Libros 
930 |a Fondos Especiales 
905 |a 112 
901 |a 0800012430  |b IT2  |c ESP  |u 20250521 
902 |a https://opac.biblio.iteso.mx/vufind/Record/000131605